|
|
|
|
| LEADER |
00000caa a2200000 c 4500 |
| 001 |
1427189978 |
| 003 |
DE-627 |
| 005 |
20240813204516.0 |
| 007 |
tu |
| 008 |
120125s1992 xx ||||| 00| ||ger c |
| 020 |
|
|
|a 3110128896
|
| 035 |
|
|
|a (DE-627)1427189978
|
| 035 |
|
|
|a (DE-576)357189973
|
| 035 |
|
|
|a (DE-599)BSZ357189973
|
| 040 |
|
|
|a DE-627
|b ger
|c DE-627
|e rakwb
|
| 041 |
|
|
|a ger
|
| 100 |
1 |
|
|a Kaufmann, Arthur
|d 1923-2001
|0 (DE-588)118721267
|0 (DE-627)079502938
|0 (DE-576)161665578
|4 aut
|
| 109 |
|
|
|a Kaufmann, Arthur 1923-2001
|a Kaufuman, A. 1923-2001
|a Kaufman, Artur 1923-2001
|a K'aup'ŭman, Arŭt'uŏ 1923-2001
|a Kaufuman, Arutoūru 1923-2001
|a Ātúěr Kǎofūmàn 1923-2001
|a Kaufmann, Georg Arthur 1923-2001
|
| 245 |
1 |
0 |
|a Gibt es Rechte der Natur?
|c Arthur Kaufmann
|
| 264 |
|
1 |
|c 1992
|
| 336 |
|
|
|a Text
|b txt
|2 rdacontent
|
| 337 |
|
|
|a ohne Hilfsmittel zu benutzen
|b n
|2 rdamedia
|
| 338 |
|
|
|a Band
|b nc
|2 rdacarrier
|
| 773 |
0 |
8 |
|i In
|t Festschrift für Günter Spendel zum 70. Geburtstag am 11. Juli 1992
|d Berlin [u.a.] : de Gruyter, 1992
|g (1992), Seite 59-74
|h XI, 899 S.
|w (DE-627)027540804
|w (DE-576)02928497X
|z 3110128896
|7 nnam
|
| 773 |
1 |
8 |
|g year:1992
|g pages:59-74
|
| 889 |
|
|
|w (DE-576)456063102
|
| 889 |
|
|
|w (DE-627)82881323X
|
| 889 |
|
|
|w (DE-627)1526063107
|
| 935 |
|
|
|a mkri
|
| 935 |
|
|
|i mdedup
|
| 951 |
|
|
|a AR
|
| ELC |
|
|
|b 1
|
| LOK |
|
|
|0 000 xxxxxcx a22 zn 4500
|
| LOK |
|
|
|0 001 2899569406
|
| LOK |
|
|
|0 003 DE-627
|
| LOK |
|
|
|0 004 1427189978
|
| LOK |
|
|
|0 005 20260210112906
|
| LOK |
|
|
|0 008 160208||||||||||||||||ger|||||||
|
| LOK |
|
|
|0 040
|a DE-21-110
|c DE-627
|d DE-21-110
|
| LOK |
|
|
|0 689
|a s
|a Tierschutzrecht
|
| LOK |
|
|
|0 689
|a s
|a Umweltrecht
|
| LOK |
|
|
|0 689
|a s
|a Naturrechtslehre
|
| LOK |
|
|
|0 689
|a s
|a Natur
|
| LOK |
|
|
|0 852
|a DE-21-110
|
| LOK |
|
|
|0 852 1
|m p
|9 00
|
| LOK |
|
|
|0 935
|a k110
|
| LOK |
|
|
|0 938
|k p
|
| LOK |
|
|
|0 939
|a 08-02-16
|b l01
|
| ORI |
|
|
|a WA-MARC-krimdoka001.raw
|